00987cam a2200265 a 450000100090000000300050000900500170001400800410003101000170007202000270008903800110011604000180012705000220014508200190016724500840018626000400027030000320031050400510034265000360039365000460042970000240047570000330049985600830053285601060061514421119NUST20190927150954.0060620s2007 nyua b 001 0 eng  a 2006020538 a1593854021 (hardcover) awaseem aDLCcDLCdDLC00aHM1181b.I46 200700a152.40287bWIT00aImplicit measures of attitudes /cedited by Bernd Wittenbrink, Norbert Schwarz. aNew York :bGuilford Press,cc2007. ax, 294 p. :bill. ;c24 cm. aIncludes bibliographical references and index. 0aAttitude (Psychology)xTesting. 0aSocial psychologyxResearchxMethodology.1 aWittenbrink, Bernd.1 aSchwarz, Norbert,cDr. phil.413Table of contents onlyuhttp://www.loc.gov/catdir/toc/ecip0616/2006020538.html423Contributor biographical informationuhttp://www.loc.gov/catdir/enhancements/fy0704/2006020538-b.html